000
00277nam a2200109Ia 4500
001
588714
005
20250717120836.0
008
250717s9999 xx 000 0 und d
245
0
_a
Z-1 BOSTAN İLE GÜLİSTAN
_c
İSMAİL BİLGİN
260
_b
ERDEM YAYINLARI
_c
2019
300
_b
88
999
_c
588714
_d
588714